Varieties of idempotent medial quasigroups

Elmentve itt :
Bibliográfiai részletek
Szerzők: Csákány Béla
Megyesi László
Dokumentumtípus: Cikk
Megjelent: 1975
Sorozat:Acta scientiarum mathematicarum 37 No. 1-2
Kulcsszavak:Matematika
Online Access:http://acta.bibl.u-szeged.hu/14507
LEADER 00652nab a2200193 i 4500
001 acta14507
005 20210409135006.0
008 161015s1975 hu o 0|| eng d
022 |a 0001-6969 
040 |a SZTE Egyetemi Kiadványok Repozitórium  |b hun 
041 |a eng 
100 1 |a Csákány Béla 
245 1 0 |a Varieties of idempotent medial quasigroups  |h [elektronikus dokumentum] /  |c  Csákány Béla 
260 |c 1975 
300 |a 17-23 
490 0 |a Acta scientiarum mathematicarum  |v 37 No. 1-2 
695 |a Matematika 
700 0 1 |a Megyesi László  |e aut 
856 4 0 |u http://acta.bibl.u-szeged.hu/14507/1/math_037_fasc_001_002_017-023.pdf  |z Dokumentum-elérés